Paises que tienes litoral en África - Estadísticas

Estadísticas generales
  • Esta prueba ha sido intentada 47 veces
  • La puntuación promedio es 35 de 38
Respuestas en el mapa
Las respuestas están codificadas por una escala verde-roja en el mapa de la prueba según el % correcto abajo.
 
Estadísticas de respuestas
Respuesta % Correcto
Senegal
98%
Somalia
98%
Sudan
98%
Angola
95%
Argelia
95%
Camerun
95%
Egipto
95%
Gambia
95%
Ghana
95%
Guinea
95%
Líbia
95%
Marruecos
95%
Mauritania
95%
Mozambique
95%
Republica del Congo
95%
República Democrática del Congo
95%
Sudafrica
95%
Tanzania
95%
Tunez
95%
Cabo Verde
93%
Costa de Marfil
93%
Eritrea
93%
Guinea Bissau
93%
Guinea Ecuatorial
93%
Liberia
93%
Madagascar
93%
Nigeria
93%
Kenia
90%
Togo
90%
Benin
88%
Namibia
88%
Santo Tomé y Príncipe
88%
Yibuti
88%
Comoras
85%
Seychelles
85%
Sierra Leona
85%
Gabón
83%
Mauricio
83%
No se encontraron pruebas coincidentes
Distribución de puntuación
Porcentaje de gente con cada puntuación
Porcentaje por número respondido
Historial de tus puntuaciones
No has intentado esta prueba.